Biggest Cities in France (Extreme) - Statistics

General Stats
  • This quiz has been taken 222 times
  • The average score is 97 of 468
Answer Stats
Region Population (2017) City % Correct
Île-de-France 2,187,526 Paris
100%
Provence-Alpes-Côte d'Azur 863,310 Marseille
99%
Occitanie 479,553 Toulouse
98%
Nouvelle-Aquitaine 254,436 Bordeaux
97%
Auvergne-Rhône-Alpes 516,092 Lyon
97%
Provence-Alpes-Côte d'Azur 340,017 Nice
97%
Grand Est 285,121 Strasbourg
94%
Pays de la Loire 309,346 Nantes
93%
Hauts-de-France 232,787 Lille
92%
Brittany 216,815 Rennes
90%
Occitanie 280,966 Montpellier
89%
Brittany 140,064 Brest
88%
Normandy 170,147 Le Havre
88%
Bourgogne-Franche-Comté 156,920 Dijon
85%
Grand Est 182,460 Reims
85%
Provence-Alpes-Côte d'Azur 73,868 Cannes
82%
Auvergne-Rhône-Alpes 158,454 Grenoble
82%
Normandy 110,145 Rouen
81%
Île-de-France 85,862 Versailles
81%
Hauts-de-France 73,911 Calais
80%
Provence-Alpes-Côte d'Azur 171,953 Toulon
80%
Auvergne-Rhône-Alpes 172,565 Saint-Étienne
78%
Normandy 105,354 Caen
77%
Grand Est 104,286 Nancy
76%
Centre-Val de Loire 135,787 Tours
76%
Pays de la Loire 152,960 Angers
75%
Provence-Alpes-Côte d'Azur 91,921 Avignon
74%
Centre-Val de Loire 116,685 Orléans
74%
Normandy 28,641 Saint-Étienne-du-Rouvray
74%
Grand Est 116,429 Metz
72%
Occitanie 150,610 Nîmes
71%
Île-de-France 111,135 Saint-Denis
71%
Pays de la Loire 142,946 Le Mans
69%
Hauts-de-France 87,353 Dunkerque
68%
Réunion 147,931 Saint-Denis de La Réunion
68%
Auvergne-Rhône-Alpes 143,886 Clermont-Ferrand
66%
Nouvelle-Aquitaine 132,175 Limoges
65%
Nouvelle-Aquitaine 77,130 Pau
65%
Hauts-de-France 134,057 Amiens
64%
Pays de la Loire 54,372 La Roche-sur-Yon
62%
Grand Est 109,443 Mulhouse
62%
Occitanie 120,158 Perpignan
61%
Auvergne-Rhône-Alpes 126,924 Annecy
60%
Corsica 70,659 Ajaccio
59%
Provence-Alpes-Côte d'Azur 142,482 Aix-en-Provence
58%
Nouvelle-Aquitaine 75,735 La Rochelle
56%
Bourgogne-Franche-Comté 115,934 Besançon
55%
Grand Est 69,105 Colmar
55%
Brittany 62,985 Quimper
55%
Grand Est 61,652 Troyes
54%
Normandy 79,200 Cherbourg-en-Cotentin
53%
Nouvelle-Aquitaine 88,291 Poitiers
50%
Hauts-de-France 96,990 Roubaix
48%
Occitanie 46,031 Carcassonne
47%
French Guiana 61,268 Cayenne
47%
Brittany 57,149 Lorient
47%
Hauts-de-France 31,415 Lens
46%
Auvergne-Rhône-Alpes 147,712 Villeurbanne
46%
Guadeloupe 30,929 Baie-Mahault
45%
Occitanie 77,177 Béziers
45%
Auvergne-Rhône-Alpes 63,714 Valence
45%
Bourgogne-Franche-Comté 34,634 Auxerre
44%
Île-de-France 109,897 Montreuil
43%
Hauts-de-France 97,368 Tourcoing
43%
Île-de-France 110,210 Argenteuil
42%
Centre-Val de Loire 64,551 Bourges
41%
Martinique 80,041 Fort-de-France
41%
Île-de-France 95,105 Nanterre
41%
Hauts-de-France 43,336 Valenciennes
41%
Auvergne-Rhône-Alpes 24,166 Vichy
41%
Provence-Alpes-Côte d'Azur 72,999 Antibes
40%
Provence-Alpes-Côte d'Azur 52,548 Arles
40%
Nouvelle-Aquitaine 51,228 Bayonne
39%
Île-de-France 120,071 Boulogne-Billancourt
39%
Auvergne-Rhône-Alpes 58,919 Chambéry
39%
Île-de-France 90,605 Créteil
39%
Réunion 104,519 Saint-Paul
39%
Réunion 84,212 Saint-Pierre
39%
Brittany 46,097 Saint-Malo
38%
Pays de la Loire 69,993 Saint-Nazaire
38%
Corsica 45,715 Bastia
37%
Occitanie 54,700 Narbonne
37%
Nouvelle-Aquitaine 58,707 Niort
37%
Occitanie 60,810 Montauban
36%
Hauts-de-France 41,019 Arras
33%
Île-de-France 65,177 Cergy
33%
Île-de-France 62,052 Ivry-sur-Seine
33%
Hauts-de-France 63,408 Villeneuve-d'Ascq
33%
Île-de-France 23,771 Villeneuve-la-Garenne
33%
Île-de-France 21,384 Villeneuve-le-Roi
33%
Île-de-France 33,545 Villeneuve-Saint-Georges
33%
Nouvelle-Aquitaine 22,064 Villeneuve-sur-Lot
33%
Île-de-France 68,451 Issy-les-Moulineaux
32%
Hauts-de-France 53,816 Saint-Quentin
32%
Hauts-de-France 56,254 Beauvais
31%
Pays de la Loire 49,728 Laval
31%
Brittany 53,352 Vannes
31%
Occitanie 48,970 Albi
30%
Nouvelle-Aquitaine 41,740 Angoulême
30%
Île-de-France 62,570 Antony
30%
Île-de-France 86,375 Aubervilliers
30%
Hauts-de-France 39,700 Douai
30%
Provence-Alpes-Côte d'Azur 28,919 Orange
30%
Île-de-France 93,557 Vitry-sur-Seine
30%
Provence-Alpes-Côte d'Azur 52,672 Fréjus
29%
Centre-Val de Loire 38,578 Chartres
28%
Île-de-France 61,070 Clichy
28%
Île-de-France 29,348 Clichy-sous-Bois
28%
Occitanie 41,518 Tarbes
28%
Bourgogne-Franche-Comté 47,656 Belfort
27%
Hauts-de-France 40,874 Boulogne-sur-Mer
27%
Île-de-France 85,177 Colombes
27%
Normandy 29,080 Dieppe
27%
Île-de-France 71,318 Drancy
27%
Provence-Alpes-Côte d'Azur 40,895 Gap
27%
Provence-Alpes-Côte d'Azur 55,588 Hyères
27%
Île-de-France 40,032 Melun
27%
Bourgogne-Franche-Comté 32,990 Nevers
27%
Île-de-France 85,740 Aulnay-sous-Bois
26%
Île-de-France 81,719 Courbevoie
26%
Île-de-France 64,379 Levallois-Perret
26%
Nouvelle-Aquitaine 70,105 Mérignac
26%
Île-de-France 34,993 Neuilly-sur-Marne
26%
Île-de-France 60,361 Neuilly-sur-Seine
26%
Île-de-France 23,801 Orly
26%
Île-de-France 58,587 Sarcelles
26%
Nouvelle-Aquitaine 33,576 Agen
25%
Normandy 47,733 Évreux
25%
Réunion 78,629 Le Tampon
25%
Nouvelle-Aquitaine 63,808 Pessac
25%
Brittany 44,372 Saint-Brieuc
25%
Auvergne-Rhône-Alpes 65,894 Vénissieux
25%
Île-de-France 85,191 Asnières-sur-Seine
24%
Centre-Val de Loire 46,086 Blois
24%
Mayotte 71,437 Mamoudzou
24%
Île-de-France 54,991 Meaux
24%
Provence-Alpes-Côte d'Azur 28,958 Menton
24%
Occitanie 43,229 Sète
24%
Île-de-France 53,640 Bobigny
23%
Centre-Val de Loire 43,741 Châteauroux
23%
Île-de-France 50,833 Massy
23%
Centre-Val de Loire 20,751 Saint-Jean-de-Braye
23%
Grand Est 40,701 Thionville
23%
Provence-Alpes-Côte d'Azur 46,268 Aubagne
22%
Île-de-France 77,630 Champigny-sur-Marne
22%
Hauts-de-France 40,199 Compiègne
22%
Provence-Alpes-Côte d'Azur 50,396 Grasse
22%
Provence-Alpes-Côte d'Azur 63,936 La Seyne-sur-Mer
22%
Bourgogne-Franche-Comté 33,638 Mâcon
22%
Île-de-France 68,183 Noisy-le-Grand
22%
Île-de-France 74,859 Saint-Maur-des-Fossés
22%
Île-de-France 54,753 Villejuif
22%
Nouvelle-Aquitaine 26,833 Bergerac
21%
Hauts-de-France 24,876 Laon
21%
Île-de-France 57,482 Pantin
21%
Normandy 25,848 Alençon
20%
Grand Est 46,428 Charleville-Mézières
20%
Auvergne-Rhône-Alpes 39,097 Montélimar
20%
Nouvelle-Aquitaine 24,151 Rochefort
20%
Occitanie 24,057 Rodez
20%
Île-de-France 78,152 Rueil-Malmaison
20%
Île-de-France 44,753 Saint-Germain-en-Laye
20%
Réunion 53,365 Saint-Louis
20%
Grand Est 21,177 Saint-Louis
20%
Auvergne-Rhône-Alpes 36,857 Villefranche-sur-Saône
20%
Île-de-France 49,891 Vincennes
20%
Auvergne-Rhône-Alpes 25,499 Aurillac
19%
Hauts-de-France 24,895 Béthune
19%
Île-de-France 53,353 Bondy
19%
Auvergne-Rhône-Alpes 41,527 Bourg-en-Bresse
19%
Hauts-de-France 32,558 Cambrai
19%
Bourgogne-Franche-Comté 45,096 Chalon-sur-Saône
19%
Pays de la Loire 53,917 Cholet
19%
Grand Est 31,740 Épinal
19%
Nouvelle-Aquitaine 29,966 Périgueux
19%
Île-de-France 30,767 Pontoise
19%
Hauts-de-France 22,946 Abbeville
18%
Occitanie 21,935 Auch
18%
Île-de-France 52,971 Clamart
18%
Nouvelle-Aquitaine 20,681 Dax
18%
Île-de-France 44,645 Puteaux
18%
Île-de-France 23,741 Saint-Ouen-l'Aumône
18%
Normandy 29,306 Vienne
18%
Provence-Alpes-Côte d'Azur 48,188 Martigues
17%
Bourgogne-Franche-Comté 25,395 Montbéliard
17%
Nouvelle-Aquitaine 29,554 Mont-de-Marsan
17%
Île-de-France 51,967 Sartrouville
17%
Hauts-de-France 28,530 Soissons
17%
Grand Est 44,753 Châlons-en-Champagne
16%
Île-de-France 54,917 Chelles
16%
Auvergne-Rhône-Alpes 22,523 Fontaine
16%
Île-de-France 46,907 Gennevilliers
16%
Pays de la Loire 44,017 Les Sables-d'Olonne
16%
Île-de-France 20,452 Mantes-la-Ville
16%
Provence-Alpes-Côte d'Azur 32,920 Marignane
16%
Hauts-de-France 29,994 Maubeuge
16%
Île-de-France 50,260 Montrouge
16%
Auvergne-Rhône-Alpes 34,366 Roanne
16%
Île-de-France 22,994 Roissy-en-Brie
16%
Nouvelle-Aquitaine 25,470 Saintes
16%
Provence-Alpes-Côte d'Azur 45,528 Salon-de-Provence
16%
Occitanie 40,219 Alès
15%
Bourgogne-Franche-Comté 21,031 Beaune
15%
Nouvelle-Aquitaine 46,916 Brive-la-Gaillarde
15%
Occitanie 41,636 Castres
15%
Hauts-de-France 35,657 Creil
15%
Île-de-France 55,084 Épinay-sur-Seine
15%
Provence-Alpes-Côte d'Azur 43,133 Istres
15%
Île-de-France 56,783 Le Blanc-Mesnil
15%
Guadeloupe 53,491 Les Abymes
15%
Auvergne-Rhône-Alpes 35,653 Montluçon
15%
Île-de-France 35,514 Palaiseau
15%
Île-de-France 37,388 Poissy
15%
Provence-Alpes-Côte d'Azur 35,042 Saint-Raphaël
15%
Île-de-France 48,264 Suresnes
15%
Grand Est 34,504 Haguenau
14%
Nouvelle-Aquitaine 24,845 Libourne
14%
Île-de-France 29,973 Saint-Cloud
14%
Pays de la Loire 26,734 Saumur
14%
Bourgogne-Franche-Comté 25,935 Sens
14%
Auvergne-Rhône-Alpes 34,756 Thonon-les-Bains
14%
Nouvelle-Aquitaine 38,929 Anglet
13%
Auvergne-Rhône-Alpes 41,543 Bron
13%
Île-de-France 51,292 Corbeil-Essonnes
13%
Provence-Alpes-Côte d'Azur 39,340 Draguignan
13%
Centre-Val de Loire 31,044 Dreux
13%
Île-de-France 67,967 Évry-Courcouronnes
13%
Île-de-France 32,151 Houilles
13%
Île-de-France 43,054 La Courneuve
13%
Île-de-France 55,655 Maisons-Alfort
13%
Île-de-France 46,207 Rosny-sous-Bois
13%
Réunion 56,268 Saint-André
13%
Réunion 33,839 Sainte-Marie
13%
Auvergne-Rhône-Alpes 46,207 Saint-Priest
13%
Île-de-France 51,016 Sevran
13%
Occitanie 28,609 Agde
12%
Provence-Alpes-Côte d'Azur 50,928 Cagnes-sur-Mer
12%
Provence-Alpes-Côte d'Azur 28,309 Carpentras
12%
Île-de-France 45,352 Meudon
12%
Île-de-France 44,136 Noisy-le-Sec
12%
Auvergne-Rhône-Alpes 29,794 Aix-les-Bains
11%
Île-de-France 43,881 Alfortville
11%
Auvergne-Rhône-Alpes 35,712 Annemasse
11%
Île-de-France 35,674 Bagnolet
11%
Île-de-France 37,355 Châtillon
11%
Île-de-France 36,762 Franconville
11%
Provence-Alpes-Côte d'Azur 35,174 La Ciotat
11%
Auvergne-Rhône-Alpes 22,427 Oyonnax
11%
Île-de-France 22,568 Torcy
11%
Île-de-France 36,180 Tremblay-en-France
11%
Auvergne-Rhône-Alpes 49,658 Vaulx-en-Velin
11%
Centre-Val de Loire 25,903 Vierzon
11%
Île-de-France 40,918 Bagneux
10%
Occitanie 24,517 Blagnac
10%
Nouvelle-Aquitaine 31,840 Châtellerault
10%
Bourgogne-Franche-Comté 23,708 Dole
10%
Grand Est 22,671 Épernay
10%
Île-de-France 25,092 Étampes
10%
Île-de-France 24,564 Fontenay-aux-Roses
10%
Grand Est 21,552 Forbach
10%
Île-de-France 39,358 Gagny
10%
Hauts-de-France 26,022 Hénin-Beaumont
10%
Normandy 20,318 Lisieux
10%
Île-de-France 32,851 Nogent-sur-Marne
10%
Hauts-de-France 20,033 Nogent-sur-Oise
10%
Île-de-France 26,736 Rambouillet
10%
Auvergne-Rhône-Alpes 33,160 Romans-sur-Isère
10%
Grand Est 24,012 Saint-Dizier
10%
Provence-Alpes-Côte d'Azur 28,453 Saint-Laurent-du-Var
10%
Île-de-France 29,984 Savigny-le-Temple
10%
Île-de-France 36,533 Savigny-sur-Orge
10%
Île-de-France 23,507 Sèvres
10%
Île-de-France 38,720 Stains
10%
Nouvelle-Aquitaine 42,606 Talence
10%
Île-de-France 27,729 Vanves
10%
Provence-Alpes-Côte d'Azur 33,310 Vitrolles
10%
Île-de-France 30,253 Chatou
9%
Grand Est 21,945 Chaumont
9%
Auvergne-Rhône-Alpes 36,840 Échirolles
9%
Brittany 20,418 Fougères
9%
Île-de-France 25,999 Gonesse
9%
Île-de-France 28,737 Grigny
9%
Île-de-France 32,792 Les Mureaux
9%
Hauts-de-France 30,785 Liévin
9%
Île-de-France 32,929 Montigny-le-Bretonneux
9%
Île-de-France 21,601 Montigny-lès-Cormeilles
9%
Grand Est 21,819 Montigny-lès-Metz
9%
Île-de-France 37,747 Pontault-Combault
9%
Pays de la Loire 41,411 Rezé
9%
Grand Est 20,783 Sarreguemines
9%
Hauts-de-France 40,958 Wattrelos
9%
Île-de-France 26,528 Brétigny-sur-Orge
8%
Île-de-France 35,846 Conflans-Sainte-Honorine
8%
Île-de-France 42,728 Garges-lès-Gonesse
8%
French Guiana 25,685 Kourou
8%
Île-de-France 29,169 La Garenne-Colombes
8%
Île-de-France 25,334 Le Kremlin-Bicêtre
8%
Hauts-de-France 38,617 Marcq-en-Barœul
8%
Occitanie 22,109 Millau
8%
Île-de-France 31,419 Plaisir
8%
Île-de-France 36,207 Sainte-Geneviève-des-Bois
8%
Île-de-France 29,017 Thiais
8%
Île-de-France 32,584 Trappes
8%
Île-de-France 26,322 Villeparisis
8%
Île-de-France 36,830 Villepinte
8%
Hauts-de-France 24,882 Armentières
7%
Nouvelle-Aquitaine 28,601 Bègles
7%
Nouvelle-Aquitaine 25,404 Biarittz
7%
Hauts-de-France 21,831 Bruay-la-Buissière
7%
Île-de-France 45,331 Choisy-le-Roi
7%
Occitanie 38,951 Colomiers
7%
Centre-Val de Loire 21,026 Fleury-les-Aubrais
7%
Bourgogne-Franche-Comté 21,630 Le Creusot
7%
Île-de-France 31,204 L'Haÿ-les-Roses
7%
Île-de-France 30,720 Malakoff
7%
Hauts-de-France 20,782 Mons-en-Barœul
7%
Île-de-France 26,783 Montfermeil
7%
Île-de-France 27,567 Romainville
7%
Réunion 37,759 Saint-Benoît
7%
Pays de la Loire 46,268 Saint-Herblain
7%
Réunion 37,644 Saint-Joseph
7%
Île-de-France 27,676 Villiers-le-Bel
7%
Île-de-France 28,456 Villiers-sur-Marne
7%
Île-de-France 29,029 Yerres
7%
Île-de-France 21,501 Arcueil
6%
Île-de-France 29,383 Bezons
6%
Île-de-France 28,239 Bois-Colombes
6%
Auvergne-Rhône-Alpes 28,387 Bourgoin-Jallieu
6%
Île-de-France 31,069 Cachan
6%
Auvergne-Rhône-Alpes 43,187 Caluire-et-Cuire
6%
Provence-Alpes-Côte d'Azur 26,641 Cavaillon
6%
Île-de-France 25,041 Champs-sur-Marne
6%
Île-de-France 30,374 Charenton-le-Pont
6%
Île-de-France 33,286 Châtenay-Malabry
6%
Hauts-de-France 21,041 Croix
6%
Île-de-France 29,108 Ermont
6%
Île-de-France 30,637 Goussainville
6%
Centre-Val de Loire 37,893 Joué-lès-Tours
6%
Provence-Alpes-Côte d'Azur 41,471 Le Cannet
6%
Normandy 25,698 Le Grand-Quevilly
6%
Normandy 21,995 Le Petit-Quevilly
6%
Île-de-France 23,045 Les Lilas
6%
Île-de-France 44,437 Livry-Gargan
6%
Île-de-France 21,461 Montmorency
6%
Occitanie 24,945 Muret
6%
Guadeloupe 23,675 Sainte-Anne
6%
Réunion 33,576 Saint-Leu
6%
Île-de-France 22,619 Saint-Mandé
6%
Normandy 23,872 Vernon
6%
Île-de-France 29,964 Villemomble
6%
Île-de-France 31,093 Viry-Châtillon
6%
Île-de-France 34,347 Athis-Mons
5%
Île-de-France 27,379 Bussy-Saint-Georges
5%
Occitanie 20,480 Castelnau-le-Lez
5%
Pays de la Loire 20,662 Challans
5%
Île-de-France 22,306 Deuil-la-Barre
5%
Île-de-France 27,802 Fresnes
5%
Hauts-de-France 21,441 Hazebrouck
5%
Martinique 39,809 Le Lamentin
5%
Île-de-France 29,100 Le Plessis-Robinson
5%
Île-de-France 20,130 Le Plessis-Trévise
5%
Réunion 34,128 Le Port
5%
Île-de-France 25,208 Les Ulis
5%
Hauts-de-France 22,233 Loos
5%
Occitanie 26,239 Lunel
5%
Provence-Alpes-Côte d'Azur 22,333 Manosque
5%
Auvergne-Rhône-Alpes 33,477 Mayzieu
5%
Auvergne-Rhône-Alpes 34,967 Saint-Chamond
5%
Pays de la Loire 26,838 Saint-Sébastien-sur-Loire
5%
Grand Est 31,894 Schiltigheim
5%
Provence-Alpes-Côte d'Azur 32,829 Six-Fours-les-Plages
5%
Île-de-France 26,472 Sucy-en-Brie
5%
Île-de-France 26,441 Taverny
5%
Occitanie 26,962 Tournefeuille
5%
Grand Est 30,002 Vandœuvre-lès-Nancy
5%
Nouvelle-Aquitaine 34,090 Villenave-d'Ornon
5%
Île-de-France 22,383 Combs-la-Ville
4%
Auvergne-Rhône-Alpes 28,602 Décines-Charpieu
4%
Île-de-France 28,833 Draveil
4%
Grand Est 26,780 Illkirch-Graffenstaden
4%
Réunion 33,020 La Possession
4%
Île-de-France 31,164 Le Chesnay-Rocquencourt
4%
Île-de-France 33,879 Le Perreux-sur-Marne
4%
Île-de-France 23,669 Maisons-Laffitte
4%
Île-de-France 44,299 Mantes-la-Jolie
4%
Provence-Alpes-Côte d'Azur 26,470 Miramas
4%
Centre-Val de Loire 21,951 Olivet
4%
Provence-Alpes-Côte d'Azur 20,380 Pertuis
4%
Auvergne-Rhône-Alpes 30,012 Rillieux-la-Pape
4%
Île-de-France 29,225 Ris-Orangis
4%
French Guiana 42,612 Saint-Laurent-du-Maroni
4%
Provence-Alpes-Côte d'Azur 21,187 Allauch
3%
Nouvelle-Aquitaine 24,729 Cenon
3%
Occitanie 22,762 Frontignan
3%
Île-de-France 21,379 Gif-sur-Yvette
3%
Île-de-France 28,633 Guyancourt
3%
Île-de-France 29,342 Herblay-sur-Seine
3%
Provence-Alpes-Côte d'Azur 25,126 La Garde
3%
Hauts-de-France 21,173 La Madeleine
3%
Hauts-de-France 27,649 Lambersart
3%
Brittany 22,728 Lanester
3%
Nouvelle-Aquitaine 26,078 La Teste-de-Buch
3%
Nouvelle-Aquitaine 23,824 Le Bouscat
3%
Guadeloupe 26,783 Le Gosier
3%
Martinique 22,719 Le Robert
3%
Île-de-France 21,221 Longjumeau
3%
Nouvelle-Aquitaine 23,538 Lormont
3%
French Guiana 31,956 Matoury
3%
Île-de-France 20,206 Montereau-Fault-Yonne
3%
Île-de-France 20,331 Ozoir-la-Ferrière
3%
Auvergne-Rhône-Alpes 38,487 Saint-Martin-d'Hères
3%
Nouvelle-Aquitaine 31,145 Saint-Médard-en-Jalles
3%
Île-de-France 26,662 Sannois
3%
Auvergne-Rhône-Alpes 22,297 Tassin-la-Demi-Lune
3%
Île-de-France 22,036 Vélizy-Villacoublay
3%
Pays de la Loire 24,219 Vertou
3%
Auvergne-Rhône-Alpes 20,108 Voiron
3%
Île-de-France 21,017 Achères
2%
Île-de-France 25,669 Brunoy
2%
Île-de-France 20,520 Chaville
2%
Île-de-France 24,161 Cormeilles-en-Parisis
2%
Auvergne-Rhône-Alpes 20,043 Cournon-d'Auvergne
2%
Île-de-France 21,835 Dammarie-les-Lys
2%
Île-de-France 25,097 Eaubonne
2%
Île-de-France 25,400 Élancourt
2%
Île-de-France 52,939 Fontenay-sous-Bois
2%
Provence-Alpes-Côte d'Azur 20,794 Gardanne
2%
Nouvelle-Aquitaine 25,552 Gradignan
2%
Hauts-de-France 22,966 Grande-Synthe
2%
Hauts-de-France 20,800 Halluin
2%
Normandy 22,954 Hérouville-Saint-Clair
2%
Île-de-France 20,966 La Celle-Saint-Cloud
2%
Île-de-France 21,356 Lagny-sur-Marne
2%
Guadeloupe 22,150 Le Moule
2%
Île-de-France 23,962 Les Pavillons-sous-Bois
2%
Provence-Alpes-Côte d'Azur 22,452 Mandelieu-la-Napoule
2%
Île-de-France 21,150 Neuilly-Plaisance
2%
Pays de la Loire 26,355 Orvault
2%
Auvergne-Rhône-Alpes 26,273 Oullins
2%
Île-de-France 30,306 Pierrefitte-sur-Seine
2%
French Guiana 25,122 Remire-Montjoly
2%
Auvergne-Rhône-Alpes 22,012 Sainte-Foy-lès-Lyon
2%
Réunion 23,505 Sainte-Suzanne
2%
Normandy 28,965 Sotteville-lès-Rouen
2%
Provence-Alpes-Côte d'Azur 26,672 Vallauris
2%
Île-de-France 31,574 Vigneux-sur-Seine
2%
Hauts-de-France 20,479 Wasquehal
2%
Pays de la Loire 23,228 Beaupréau-en-Mauges
1%
Île-de-France 20,181 Chilly-Mazarin
1%
Hauts-de-France 21,134 Coudekerque-Branche
1%
Pays de la Loire 21,372 Couëron
1%
Nouvelle-Aquitaine 23,462 Eysines
1%
Mayotte 32,156 Koungou
1%
Provence-Alpes-Côte d'Azur 23,884 La Valette-du-Var
1%
Île-de-France 20,816 Le Mée-sur-Seine
1%
Provence-Alpes-Côte d'Azur 21,046 Les Pennes-Mirabeau
1%
Île-de-France 27,228 Limeil-Brévannes
1%
Pays de la Loire 20,126 Montaigu-Vendée
1%
Île-de-France 23,775 Montgeron
1%
Île-de-France 20,909 Morsang-sur-Orge
1%
Guadeloupe 24,277 Petit-Bourg
1%
Auvergne-Rhône-Alpes 21,217 Saint-Genis-Laval
1%
Île-de-France 20,682 Saint-Gratien
1%
Île-de-France 51,108 Saint-Ouen-sur-Seine
1%
Pays de la Loire 25,414 Sèvremoine
1%
Île-de-France 20,667 Bourg-le-Reine
0%
Pays de la Loire 21,392 Chemillé-en-Anjou
0%
Nouvelle-Aquitaine 21,152 Gujran-Mestras
0%
No matching quizzes found
Score Distribution
Percent of People with Each Score
Percentile by Number Answered
Your Score History
You have not taken this quiz